00688pam a2200217 a 4500001000800000005001700008008004100025010001700066020001500083040001800098043001200116050002400128100002300152245008000175250001200255260003700267300003500304504005600339650003600395651003900431308987520161217115421.0980930s1999 nyua b 000 0 eng  a 98040837  a080211640X aDLCcDLCdDLC an-us---00aNX180.S6 bD48 19991 aDery, Mark,d1959-14aThe pyrotechnic insanitarium :bAmerican culture on the brink /cMark Dery. a1st ed. aNew York :bGrove Press,cc1999. aviii, 295 p. :bill. ;c24 cm. aIncludes bibliographical references (p. [271]-295). 0aPopular culturezUnited States. 0aUnited StatesxCivilizationy1970-